[Event "CAN-ch op"]
[Site "Sackville"]
[Date "2001.07.15"]
[Round "10"]
[White "Nunes, Garvin"]
[Black "Lawson, Jonathan"]
[Result "1/2-1/2"]
[WhiteElo "1794"]
[BlackElo "1528"]
[PlyCount "53"]
[EventDate "2001.07.??"]
[EventType "swiss"]
[EventRounds "10"]
[EventCountry "CAN"]
[SourceTitle "EXT 2006"]
[Source "ChessBase"]
[SourceDate "2005.11.24"]
[SourceVersion "1"]
[SourceVersionDate "2005.11.24"]
[SourceQuality "1"]

1. d4 Nf6 2. c4 g6 3. Nc3 Bg7 4. e4 d6 5. f3 0-0 6. Be3 Nbd7 7. Qd2 c6 8. Bh6 e5 9. d5 cxd5 10. Bxg7 Kxg7 11. Nxd5 Nxd5 12. Qxd5 Nb6 13. Qd2 Be6 14. b3 Qc7 15. Bd3 Qc5 16. Ne2 f5 17. exf5 Bxf5 18. Bxf5 Rxf5 19. Nc3 Qb4 20. Ne4 Qxd2+ 21. Kxd2 Rf7 22. Rhd1 Rd8 23. Ke2 Rfd7 24. Rac1 Nc8 25. Rd2 Ne7 26. Rcd1 Nf5 27. Nc3 1/2-1/2